| 000 | 01830cam a2200469 4500 | ||
|---|---|---|---|
| 001 | 22017 | ||
| 003 | VRT | ||
| 005 | 20260317154613.0 | ||
| 008 | 210603s2021 xo a b 6 000 1 slo | ||
| 015 | _aSNBA2021/09 | ||
| 020 |
_a9788055650326 _q(viazané) |
||
| 039 | 9 |
_a202311091149 _bmsnk18 _c202307311331 _dmsnk18 _c202209071455 _dmsnk18 _c202109080836 _dmsnk167 |
|
| 040 |
_aZKSE _bslo _cZKSE _dSNK _erda |
||
| 041 | 1 |
_aslo _heng |
|
| 044 |
_axo _cSK |
||
| 072 | 7 |
_a821-93 _xLiteratúra pre deti a mládež (beletria) _2konspekt |
|
| 072 | 7 |
_a741.52 _xKomiksy. Komiksové adaptácie _2konspekt |
|
| 080 |
_a741.52(0:82-321.3) _22011 |
||
| 080 |
_a821-93 _22011 |
||
| 100 | 1 |
_aMonster, Sfé R. _4aut |
|
| 240 | 1 | 0 |
_aMinecraft _lSlovensky |
| 245 | 1 | 0 |
_aMinecraft _bprvá kniha príbehov _cnapísal Sfé R. Monster ; kresba a obálka Sarah Graleyová ; farby Stef Purenins ; editor Shantel Larocque ; z anglického originálu Minecraft ... preložil Andrej Šútovec |
| 246 | 3 | 0 | _aPrvá kniha príbehov |
| 264 | 1 |
_aBratislava _bSlovart _c2021 |
|
| 300 |
_a85 strán _bfarebné ilustrácie _c24 cm |
||
| 336 |
_atext _btxt _2rdacontent |
||
| 336 |
_astatický obraz _bsti _2rdacontent |
||
| 337 |
_abez média _bn _2rdamedia |
||
| 338 |
_azväzok _bnc _2rdacarrier |
||
| 655 | 7 |
_aliteratúra pre deti _2SNKPH |
|
| 655 | 7 |
_aAction and adventure comics _2SNKPHeng |
|
| 655 | 7 |
_aChildren's literature _2SNKPHeng |
|
| 655 | 7 |
_aakčné a dobrodružné komiksy _2SNKPH |
|
| 700 | 1 |
_aGraley, Sarah, _d1991- _4ill |
|
| 700 | 1 |
_aPurenins, Stef _4ill |
|
| 700 | 1 |
_aLarocque, Shantel _4edt |
|
| 700 | 1 |
_aŠútovec, Andrej _4trl |
|
| 710 | 2 |
_aMojang AB (firma) _4cre |
|
| 942 |
_2ddc _cKLDE _n0 |
||
| 949 |
_617A1456495 _asnkSC 193707 _bsnk2021/9938 _o1122/2021 _s6100:20210920 |
||
| 949 |
_617A1456496 _asnkSC 193707 D1 _bsnk2021/9939 _o1122/2021 |
||
| 999 |
_c22017 _d22017 |
||